[Event "IX Floripa Chess Open Fort Atacadista"]
[Site "Florianópolis - Santa Catari"]
[Date "2023.01.27"]
[Round "8.140"]
[White "Garcia, Erich Douglas Ribei"]
[Black "Souza Jr, Helemberg Cubica De"]
[Result "1/2-1/2"]
[WhiteElo "1427"]
[BlackElo "1720"]
[PlyCount "51"]
[EventDate "2023.01.23"]
[EventRounds "10"]
[EventCountry "BRA"]

1. d4 Nf6 2. c4 e6 3. Nc3 Bb4 4. a3 Bxc3+ 5. bxc3 Nc6 6. Nf3 b6 7. e3 Ba6 8.
Bd3 Na5 9. Qe2 O-O 10. Nd2 Re8 11. e4 e5 12. d5 d6 13. O-O Rc8 14. Re1 c6 15.
Bb2 cxd5 16. cxd5 Bxd3 17. Qxd3 Nb7 18. Nb3 a5 19. a4 Nd7 20. Ba3 Ndc5 21. Nxc5
Nxc5 22. Bxc5 Rxc5 23. Rec1 Qc7 24. Ra3 Ra8 25. f3 Rc4 26. Qe3 1/2-1/2

[Event "IX Floripa Chess Open Fort Atacadista"]
[Site "Florianópolis - Santa Catari"]
[Date "2023.01.27"]
[Round "8.141"]
[White "Buffon, Maria Ivy Segalin"]
[Black "Pinto, Vanderlei"]
[Result "0-1"]
[WhiteElo "1703"]
[BlackElo "1346"]
[PlyCount "105"]
[EventDate "2023.01.23"]
[EventRounds "10"]
[EventCountry "BRA"]

1. e4 d5 2. exd5 Qxd5 3. Nc3 Qd6 4. d4 c6 5. Nf3 Nf6 6. Bc4 Bf5 7. Ne5 e6 8.
Bf4 Qb4 9. Bb3 Nbd7 10. a3 Qa5 11. Nc4 Qd8 12. Bd6 Be7 13. O-O O-O 14. Bxe7
Qxe7 15. h3 Rad8 16. Qf3 Nd5 17. Nxd5 cxd5 18. Ne3 Bg6 19. Rfe1 Nf6 20. Rad1
Be4 21. Qg3 Qd6 22. Qe5 Qxe5 23. dxe5 Nd7 24. f3 Bg6 25. Ng4 h5 26. Nf2 Rc8 27.
Re2 Nc5 28. Ba2 Rc7 29. c4 dxc4 30. Bxc4 Na4 31. Bd3 Bxd3 32. Rxd3 Rc1+ 33. Kh2
Nc5 34. Rd6 b6 35. Rc6 Rd8 36. b4 Nd3 37. Rxc1 Nxc1 38. Rc2 Nd3 39. Ne4 Nxe5
40. Rc7 Rd7 41. Rc3 h4 42. Ng5 Kf8 43. Re3 Rd5 44. Re4 Ng6 45. f4 Nxf4 46. Rxf4
Rxg5 47. Rxh4 Ke7 48. Rh8 Rd5 49. Ra8 Rd7 50. Rc8 f5 51. Rc3 Kf6 52. Kg3 g5 53.
Re3 0-1

[Event "IX Floripa Chess Open Fort Atacadista"]
[Site "Florianópolis - Santa Catari"]
[Date "2023.01.27"]
[Round "8.142"]
[White "Hataby, Raed"]
[Black "De Oliveira, Jairo Quintiliano"]
[Result "1-0"]
[WhiteElo "1979"]
[BlackElo "1745"]
[PlyCount "109"]
[EventDate "2023.01.23"]
[EventRounds "10"]
[EventCountry "BRA"]

1. e4 e5 2. Nf3 Nc6 3. Bc4 Bc5 4. c3 Qe7 5. a4 a6 6. Qe2 Nf6 7. d3 d6 8. h3 Be6
9. Bxe6 fxe6 10. Na3 O-O 11. O-O Nh5 12. Kh2 Nf4 13. Bxf4 Rxf4 14. b4 Ba7 15.
Nc4 Raf8 16. b5 Nb8 17. Rab1 b6 18. Ncd2 a5 19. g3 R4f7 20. Kg2 Nd7 21. d4 Bb8
22. Qe3 h6 23. Ne1 g5 24. Nd3 Kh7 25. f3 Rc8 26. d5 Rcf8 27. c4 Nc5 28. Nxc5
dxc5 29. Rf2 Rf6 30. Rbf1 Qd6 31. Re2 Kg7 32. Rh1 Rg6 33. Rf2 Qe7 34. Rd1 Rgf6
35. Qc3 Kg6 36. Nf1 Qf7 37. Nh2 h5 38. Rfd2 exd5 39. cxd5 Qd7 40. Rf2 Qd6 41.
Rdd2 Qe7 42. Rc2 Qd6 43. Nf1 Re8 44. Ne3 Qf8 45. Rc1 Qf7 46. Nc4 Qe7 47. Rcf1
Kh6 48. Qe3 Ref8 49. Rh1 Kg6 50. Qc3 Re8 51. h4 Rf7 52. Qe3 Rh7 53. Qxg5+ Qxg5
54. hxg5 Rf7 55. Rh4 1-0

[Event "IX Floripa Chess Open Fort Atacadista"]
[Site "Florianópolis - Santa Catari"]
[Date "2023.01.27"]
[Round "8.143"]
[White "De Brito, Gabrielly Rodrigues"]
[Black "Gadea, Fernando"]
[Result "0-1"]
[WhiteElo "1415"]
[BlackElo "1768"]
[PlyCount "120"]
[EventDate "2023.01.23"]
[EventRounds "10"]
[EventCountry "BRA"]

1. Nf3 c5 2. b3 Nc6 3. Bb2 d5 4. e3 Nf6 5. Bb5 Bd7 6. Bxc6 Bxc6 7. O-O b6 8. d3
e6 9. Ne5 Bb7 10. Nd2 Be7 11. f4 Qc7 12. Qe2 O-O 13. Ng4 Qd8 14. a4 Nxg4 15.
Qxg4 Bf6 16. Bxf6 Qxf6 17. Nf3 Qc3 18. Rac1 c4 19. bxc4 dxc4 20. Ne5 Ba6 21.
Rfd1 Rac8 22. h4 cxd3 23. cxd3 Qa3 24. Ra1 Qb2 25. h5 h6 26. Qg3 Rc2 27. Rab1
Qc3 28. Re1 Rc8 29. Qh4 Bb7 30. Nf3 Qa5 31. e4 Qxa4 32. Ne5 Qd4+ 33. Kh1 Qf2
34. Qxf2 Rxf2 35. Rec1 Rcc2 36. Rxc2 Rxc2 37. Ra1 a6 38. Nc4 Bxe4 39. dxe4 Rxc4
40. Rxa6 Rxe4 41. f5 b5 42. fxe6 Rxe6 43. Ra8+ Kh7 44. Rb8 Re5 45. g4 f5 46.
gxf5 Rxf5 47. Rb6 Rxh5+ 48. Kg2 Rf5 49. Kg3 h5 50. Kh4 g6 51. Rb7+ Kh6 52. Rb6
Rf4+ 53. Kh3 b4 54. Rb7 Rc4 55. Kh2 h4 56. Kg2 g5 57. Kh2 Kh5 58. Kh1 h3 59.
Kh2 Kh4 60. Kg1 g4 0-1

[Event "IX Floripa Chess Open Fort Atacadista"]
[Site "Florianópolis - Santa Catari"]
[Date "2023.01.27"]
[Round "8.145"]
[White "Machado, Wesley Henrique"]
[Black "Zabala, Antonio Murara"]
[Result "0-1"]
[WhiteElo "1487"]
[BlackElo "1761"]
[PlyCount "59"]
[EventDate "2023.01.23"]
[EventRounds "10"]
[EventCountry "BRA"]

1. e4 c5 2. Nf3 d6 3. d4 cxd4 4. Nxd4 Nf6 5. f3 e5 6. Nb3 d5 7. Bg5 Be6 8. Bb5+
Nc6 9. Bxf6 gxf6 10. N1d2 Rg8 11. exd5 Bxd5 12. Qe2 Be7 13. O-O-O Qc7 14. Kb1
O-O-O 15. Bd3 h5 16. c3 Be6 17. Ne4 Na5 18. Qc2 Nc4 19. Rhe1 a5 20. Ng3 Qb6 21.
Nf5 Bf8 22. Qe2 Rxd3 23. Qxd3 Rxg2 24. Ne3 Nxb2 25. Qd8+ Qxd8 26. Rxd8+ Kxd8
27. Nxg2 Nc4 28. Ne3 a4 29. Nxc4 Bxc4 30. Nd2 0-1

[Event "IX Floripa Chess Open Fort Atacadista"]
[Site "Florianópolis - Santa Catari"]
[Date "2023.01.27"]
[Round "8.146"]
[White "Silva, Juliana Figueira Th"]
[Black "Bisesar, Maycon Da Costa"]
[Result "1-0"]
[WhiteElo "1393"]
[BlackElo "1760"]
[PlyCount "92"]
[EventDate "2023.01.23"]
[EventRounds "10"]
[EventCountry "BRA"]

1. Nf3 d6 2. g3 Nf6 3. Bg2 g6 4. d3 Bg7 5. O-O O-O 6. Nc3 Nc6 7. e4 e5 8. Kh1
Bg4 9. h3 Bd7 10. Ng1 Nd4 11. f4 Nh5 12. Kh2 exf4 13. Bxf4 Nxf4 14. gxf4 Ne6
15. Nge2 Qh4 16. Qe1 Qxe1 17. Raxe1 Bc6 18. Rd1 Nd4 19. Nxd4 Bxd4 20. Rb1 Bxc3
21. bxc3 b6 22. Rfe1 a5 23. e5 Bxg2 24. Kxg2 dxe5 25. fxe5 Rfe8 26. d4 Re7 27.
Rf1 Rd8 28. Rf4 f5 29. Kf3 Kf7 30. Ke3 Ke6 31. h4 Rb8 32. Kd3 b5 33. Rff1 c5
34. a3 c4+ 35. Ke3 Kd5 36. Rb2 Ke6 37. Rfb1 Reb7 38. a4 b4 39. cxb4 axb4 40. a5
Rb5 41. a6 Ra5 42. Rxb4 Ra3+ 43. Kf4 Rxb4 44. Rxb4 Rxa6 45. Rb7 Kd5 46. Rxh7
Kxd4 1-0

[Event "IX Floripa Chess Open Fort Atacadista"]
[Site "Florianópolis - Santa Catari"]
[Date "2023.01.27"]
[Round "8.147"]
[White "Deretti, Lucas Jurk"]
[Black "Sarda, Pedro Sada"]
[Result "0-1"]
[WhiteElo "1392"]
[BlackElo "1755"]
[PlyCount "64"]
[EventDate "2023.01.23"]
[EventRounds "10"]
[EventCountry "BRA"]

1. e4 c5 2. Nf3 a6 3. d4 cxd4 4. Nxd4 e5 5. Nb3 Nf6 6. Nc3 Bb4 7. Bd3 Bxc3+ 8.
bxc3 O-O 9. O-O d5 10. Bg5 dxe4 11. Bxf6 Qxf6 12. Bxe4 Nc6 13. Qe2 Bf5 14. Rfd1
Rfd8 15. Nc5 Bxe4 16. Qxe4 Qe7 17. Nd3 Rac8 18. Re1 Re8 19. f4 exf4 20. Qxf4
Qa3 21. Rxe8+ Rxe8 22. Re1 Qxa2 23. Qc7 Nd8 24. Nc5 Qd5 25. Rb1 Re2 26. Ne4
Rxe4 27. c4 Rxc4 28. Re1 Ne6 29. Qb8+ Nf8 30. Re8 Qc5+ 31. Kf1 Rxc2 32. Qxb7
Qf2# 0-1

[Event "IX Floripa Chess Open Fort Atacadista"]
[Site "Florianópolis - Santa Catari"]
[Date "2023.01.27"]
[Round "8.148"]
[White "Silvestre, Gilmar Severino"]
[Black "Dias, Clara"]
[Result "1/2-1/2"]
[WhiteElo "1749"]
[BlackElo "1430"]
[PlyCount "140"]
[EventDate "2023.01.23"]
[EventRounds "10"]
[EventCountry "BRA"]

1. d4 d5 2. c4 e6 3. Nf3 Nf6 4. Bg5 Be7 5. e3 O-O 6. Nc3 c6 7. Bd3 dxc4 8. Bxc4
b5 9. Bd3 Nbd7 10. O-O Bb7 11. a3 h6 12. Bxf6 Nxf6 13. b4 a5 14. Qb3 axb4 15.
axb4 Qd6 16. Rxa8 Rxa8 17. Rb1 Nd5 18. Nxd5 exd5 19. Ne1 Bd8 20. Bf5 Qf6 21.
Qc2 Be7 22. Bh3 Bc8 23. Bxc8 Rxc8 24. Nd3 Qg6 25. Ra1 Bd6 26. g3 h5 27. Qd2 h4
28. Nf4 Bxf4 29. exf4 Re8 30. Re1 Rxe1+ 31. Qxe1 h3 32. f3 Qc2 33. Qf1 Qc3 34.
Qxh3 Qxd4+ 35. Kf1 Qd1+ 36. Kf2 Qc2+ 37. Kf1 g6 38. Qc8+ Kg7 39. Qe8 Qxh2 40.
Qe5+ Kh7 41. Qf6 Qh3+ 42. Kf2 Qe6 43. Qd4 Qf5 44. g4 Qc2+ 45. Kg3 Qe2 46. Qc3
Qe6 47. Kg2 Qd6 48. Qd4 Qe7 49. Qc3 Kg8 50. Qxc6 Qe2+ 51. Kg3 d4 52. g5 Qe1+
53. Kg2 Qxb4 54. Qe8+ Kg7 55. Qe5+ Kh7 56. f5 Qd2+ 57. Kf1 Qc1+ 58. Ke2 Qc2+
59. Kf1 Qxf5 60. Qxd4 Qxf3+ 61. Ke1 Qg3+ 62. Kd2 Qxg5+ 63. Ke2 Qe7+ 64. Kd3 b4
65. Qg4 Qd6+ 66. Kc2 Qc5+ 67. Kb2 Qc3+ 68. Kb1 b3 69. Qxg6+ Kh8 70. Qh7+ Kxh7
1/2-1/2

[Event "IX Floripa Chess Open Fort Atacadista"]
[Site "Florianópolis - Santa Catari"]
[Date "2023.01.27"]
[Round "8.149"]
[White "Reinaldo Dos Santos, Julio"]
[Black "Pavao, Alice Lara Biasi"]
[Result "1/2-1/2"]
[WhiteElo "1749"]
[BlackElo "1401"]
[PlyCount "79"]
[EventDate "2023.01.23"]
[EventRounds "10"]
[EventCountry "BRA"]

1. d4 d5 2. c4 e6 3. Nf3 Nf6 4. Bg5 Be7 5. e3 O-O 6. Nc3 Nbd7 7. Bd3 b6 8. cxd5
Nxd5 9. Bxe7 Qxe7 10. O-O Bb7 11. Rc1 Nxc3 12. Rxc3 c5 13. Bc2 Bxf3 14. Qxf3
cxd4 15. exd4 Nf6 16. Re1 Rfd8 17. Bb3 Qd7 18. Rd1 h6 19. h3 Rac8 20. Rcd3 Qc6
21. Qg3 Nd5 22. Qh4 Qd6 23. Rf3 Ne7 24. Qe4 Qc6 25. Qf4 Rf8 26. Rc3 Nd5 27.
Bxd5 Qxd5 28. Rg3 Qh5 29. Rgd3 Rc2 30. d5 exd5 31. Rxd5 Qe2 32. Rd8 Rc8 33.
R8d2 Qc4 34. Qxc4 Rxc4 35. Rd7 Ra4 36. a3 Re8 37. R1d2 a6 38. Rb7 b5 39. Kf1
Rf4 40. Rb6 1/2-1/2

[Event "IX Floripa Chess Open Fort Atacadista"]
[Site "Florianópolis - Santa Catari"]
[Date "2023.01.27"]
[Round "8.150"]
[White "Flesch, Lucas Henrique Ye"]
[Black "Arndt, Claudio Felipe"]
[Result "1/2-1/2"]
[WhiteElo "1306"]
[BlackElo "1744"]
[PlyCount "70"]
[EventDate "2023.01.23"]
[EventRounds "10"]
[EventCountry "BRA"]

1. e4 c6 2. d4 d5 3. Nc3 dxe4 4. Nxe4 Bf5 5. Ng3 Bg6 6. Nf3 Nd7 7. h4 h6 8. h5
Bh7 9. Bd3 Bxd3 10. Qxd3 e6 11. Bf4 Qa5+ 12. Bd2 Qc7 13. O-O Ngf6 14. Ne5 Bd6
15. Nxd7 Qxd7 16. f4 O-O-O 17. Qf3 Qc7 18. Ne4 Nxe4 19. Qxe4 Kb8 20. f5 exf5
21. Qxf5 Bh2+ 22. Kh1 Rxd4 23. Be1 f6 24. Bf2 Rd5 25. Qg4 Bd6 26. Rad1 Qa5 27.
Rxd5 cxd5 28. Qxg7 Re8 29. Bg3 Bxg3 30. Qxg3+ Kc8 31. Qc3+ Qxc3 32. bxc3 Re6
33. Rf5 Rd6 34. Kh2 Kd7 35. Kg3 Ke6 1/2-1/2

[Event "IX Floripa Chess Open Fort Atacadista"]
[Site "Florianópolis - Santa Catari"]
[Date "2023.01.27"]
[Round "8.151"]
[White "Cabral, Vinicius Albuquerqu"]
[Black "De Souza, Nicolas Gabriel"]
[Result "0-1"]
[WhiteElo "1744"]
[BlackElo "1326"]
[PlyCount "82"]
[EventDate "2023.01.23"]
[EventRounds "10"]
[EventCountry "BRA"]

1. e4 c5 2. Nf3 Nc6 3. c3 Qa5 4. Bc4 e6 5. O-O Be7 6. d3 d6 7. Re1 Nf6 8. Bg5
O-O 9. h3 h6 10. Be3 Bd7 11. Nbd2 b5 12. Bb3 Qc7 13. Rc1 a5 14. d4 c4 15. Bc2
d5 16. e5 Ne8 17. Nh2 Qb7 18. Qh5 f5 19. Qg6 Kh8 20. Ng4 Bd8 21. Nxh6 gxh6 22.
Bxh6 Ne7 23. Qh5 Ng7 24. Bxg7+ Kxg7 25. Re3 Ng6 26. Rg3 Be8 27. Qe2 Bh4 28. Rf3
Ne7 29. g4 Bg6 30. Rf1 fxg4 31. Rxf8 Rxf8 32. Qxg4 Rh8 33. Nf3 Nf5 34. Kh2 Qf7
35. Rg1 Bxf2 36. Ng5 Bxg1+ 37. Kxg1 Qe8 38. b3 Rh4 39. Qf3 Qe7 40. Bxf5 Qxg5+
41. Bg4 Bf5 0-1

[Event "IX Floripa Chess Open Fort Atacadista"]
[Site "Florianópolis - Santa Catari"]
[Date "2023.01.27"]
[Round "8.152"]
[White "Feller, Isadora Cristina Vi"]
[Black "Pereira, Marcelo Do Carmo"]
[Result "0-1"]
[WhiteElo "1310"]
[BlackElo "1733"]
[PlyCount "86"]
[EventDate "2023.01.23"]
[EventRounds "10"]
[EventCountry "BRA"]

1. e4 c5 2. Nc3 e6 3. g3 Nc6 4. Bg2 Nf6 5. d3 Be7 6. f4 O-O 7. Nf3 d5 8. e5 Nd7
9. O-O Qb6 10. Kh1 Re8 11. b3 a6 12. Bb2 Qc7 13. a4 Rb8 14. Ne2 b5 15. axb5
axb5 16. Neg1 Bb7 17. Nh3 Ra8 18. Nh4 Rxa1 19. Bxa1 Bxh4 20. gxh4 Ne7 21. Qh5
h6 22. Rg1 Nf5 23. Bf3 d4 24. Be4 Nf8 25. Nf2 Ng6 26. Qg4 Nfxh4 27. Bb2 Ra8 28.
h3 Ra2 29. Rb1 Nf5 30. Kh2 Ne3 31. Qe2 Nxf4 32. Qf3 Bxe4 33. Nxe4 Qxe5 34. Kh1
Nh5 35. Qf2 f5 36. Nd2 Qg3 37. Qxg3 Nxg3+ 38. Kh2 Ne2 39. Nf3 Nxc2 40. Kh1 Nf4
41. h4 Nxd3 42. Bc1 Nxc1 43. Rxc1 Ra1 0-1

[Event "IX Floripa Chess Open Fort Atacadista"]
[Site "Florianópolis - Santa Catari"]
[Date "2023.01.27"]
[Round "8.153"]
[White "Sanchez, Ivan Roberto"]
[Black "Barbosa, Rafael Santos"]
[Result "1-0"]
[WhiteElo "1731"]
[BlackElo "1816"]
[PlyCount "132"]
[EventDate "2023.01.23"]
[EventRounds "10"]
[EventCountry "BRA"]

1. d4 Nf6 2. Nf3 g6 3. c4 Bg7 4. Nc3 d5 5. e3 O-O 6. Bd3 c5 7. O-O cxd4 8. Nxd4
Nc6 9. Nxc6 bxc6 10. Rb1 Ba6 11. Qa4 dxc4 12. Bxc4 Bxc4 13. Qxc4 Qb6 14. b3
Rfd8 15. Ba3 e6 16. Rbd1 Nd5 17. Na4 Qb5 18. Qc1 Bf8 19. Bxf8 Kxf8 20. Rd4 Nb6
21. Rfd1 Rxd4 22. Rxd4 Nxa4 23. Rxa4 Qb6 24. Qa3+ Kg8 25. Ra6 Qb7 26. Qa4 c5
27. h3 Kg7 28. Rc6 Qb4 29. Qxb4 cxb4 30. Ra6 Kf8 31. Kf1 Ke8 32. Ke2 Kd8 33.
Kd3 Kc7 34. Kc4 Kb7 35. Ra5 Rb8 36. Kxb4 Kc6+ 37. Kc3 Kb6 38. Ra4 a5 39. Rc4
Rd8 40. Kc2 Rd7 41. Rc8 Ra7 42. Rc4 Rd7 43. Rc3 Ra7 44. Kd3 Rd7+ 45. Ke2 Kb5
46. Rc2 a4 47. bxa4+ Kxa4 48. Kf3 h5 49. h4 Ka3 50. Kf4 Rb7 51. Ke5 Rd7 52. Kf6
Rb7 53. Rd2 Rc7 54. Kg7 Rb7 55. Kf8 e5 56. Kg7 e4 57. Kf6 Rc7 58. f3 exf3 59.
gxf3 Rc3 60. Re2 Rc7 61. e4 Rc3 62. Rf2 Rc7 63. Rd2 Rc3 64. Kxf7 Rxf3+ 65. Kxg6
Rf4 66. Kxh5 Rxe4 1-0

[Event "IX Floripa Chess Open Fort Atacadista"]
[Site "Florianópolis - Santa Catari"]
[Date "2023.01.27"]
[Round "8.154"]
[White "Do Nascimento, Carlos Augusto Xa"]
[Black "Montiel Caceres, Helen"]
[Result "0-1"]
[WhiteElo "1895"]
[BlackElo "1723"]
[PlyCount "106"]
[EventDate "2023.01.23"]
[EventRounds "10"]
[EventCountry "BRA"]

1. e4 c5 2. Nf3 e6 3. Nc3 Nc6 4. Bb5 Nge7 5. O-O g6 6. d3 Bg7 7. Bg5 Qc7 8. Qd2
O-O 9. Bh6 d6 10. Bxg7 Kxg7 11. Bxc6 Nxc6 12. Qf4 a6 13. Rfe1 Nb4 14. Re2 e5
15. Qe3 Be6 16. a3 Nc6 17. Nd5 Bxd5 18. exd5 Ne7 19. c4 b5 20. Ng5 h6 21. Nh3
Nf5 22. Qe4 Nd4 23. f4 Nxe2+ 24. Qxe2 exf4 25. Qf2 Rae8 26. Nxf4 bxc4 27. dxc4
Qe7 28. Qf1 Qe3+ 29. Kh1 Re4 30. g3 Rfe8 31. Nd3 Rxc4 32. Re1 Qd2 33. Rxe8 Rc2
34. Nf2 Qxf2 35. Qxf2 Rxf2 36. Rd8 Rf6 37. Ra8 Rf5 38. Rxa6 Rxd5 39. Kg2 g5 40.
Kf3 Rd2 41. b4 cxb4 42. axb4 Rxh2 43. Rxd6 Rb2 44. Rb6 h5 45. b5 Rb3+ 46. Kg2
Rb4 47. Rb8 h4 48. gxh4 Rxh4 49. b6 Rb4 50. Kg3 f5 51. b7 Rb3+ 52. Kf2 g4 53.
Rd8 Rxb7 0-1

[Event "IX Floripa Chess Open Fort Atacadista"]
[Site "Florianópolis - Santa Catari"]
[Date "2023.01.27"]
[Round "8.158"]
[White "Carvalho, Felipe Lobo C."]
[Black "Matsunaga, Lange Cristina"]
[Result "1-0"]
[WhiteElo "2068"]
[BlackElo "1479"]
[PlyCount "107"]
[EventDate "2023.01.23"]
[EventRounds "10"]
[EventCountry "BRA"]

1. d4 d5 2. Bf4 Nf6 3. e3 c5 4. Nc3 g6 5. Nf3 Bg7 6. dxc5 O-O 7. Be2 Qa5 8. O-O
Qxc5 9. Ne5 e6 10. Na4 Qe7 11. c4 Nbd7 12. Nc3 Re8 13. Nb5 Nxe5 14. Bxe5 Rd8
15. Qb3 Ne4 16. Bxg7 Kxg7 17. Rfd1 a6 18. Nd4 e5 19. Nf3 dxc4 20. Qxc4 Bf5 21.
h3 Rac8 22. Qb3 b5 23. Rxd8 Rxd8 24. Rd1 Rxd1+ 25. Qxd1 Ng5 26. Qd5 Nxf3+ 27.
Bxf3 f6 28. a3 Be6 29. Qc6 Bc4 30. Qxa6 e4 31. Bg4 f5 32. b3 Bxb3 33. Be2 Bc4
34. Bxc4 bxc4 35. Qa5 Qd6 36. Qc3+ Kh6 37. Qxc4 Qxa3 38. Qc7 Qa1+ 39. Kh2 Qe1
40. Qf4+ Kg7 41. g4 Qa5 42. h4 h6 43. h5 Qc5 44. hxg6 Kxg6 45. Kg3 Qd5 46.
Qxf5+ Qxf5 47. gxf5+ Kxf5 48. Kh4 Ke5 49. Kh5 Kf5 50. Kxh6 Kg4 51. Kg6 Kf3 52.
Kf5 Kxf2 53. Kxe4 Kg3 54. Kf5 1-0

[Event "IX Floripa Chess Open Fort Atacadista"]
[Site "Florianópolis - Santa Catari"]
[Date "2023.01.27"]
[Round "8.159"]
[White "Soares, Rafael Tuma"]
[Black "Bassani, Eduardo"]
[Result "0-1"]
[WhiteElo "1440"]
[BlackElo "1912"]
[PlyCount "58"]
[EventDate "2023.01.23"]
[EventRounds "10"]
[EventCountry "BRA"]

1. e4 e5 2. Nf3 d6 3. d4 Nd7 4. Bc4 c6 5. dxe5 dxe5 6. O-O Be7 7. Re1 Ngf6 8.
Nbd2 O-O 9. Nf1 Bc5 10. h3 Qe7 11. Ng3 Bxf2+ 12. Kxf2 Qc5+ 13. Be3 Qxc4 14. Bg5
h6 15. Bxf6 Nxf6 16. c3 Be6 17. Nxe5 Qb5 18. Nf3 Qxb2+ 19. Re2 Qxc3 20. Rc2 Qa5
21. Rb1 Qc7 22. Rcb2 b6 23. a4 Rfd8 24. Qe1 Rab8 25. Rc1 c5 26. Ra1 Nd7 27. Qc3
f6 28. Nd4 Qf4+ 29. Nf3 Ne5 0-1

[Event "IX Floripa Chess Open Fort Atacadista"]
[Site "Florianópolis - Santa Catari"]
[Date "2023.01.27"]
[Round "8.160"]
[White "Piassi, Eric Augusto"]
[Black "De Lima, Lucas Taveira"]
[Result "1-0"]
[WhiteElo "1837"]
[BlackElo "1437"]
[PlyCount "57"]
[EventDate "2023.01.23"]
[EventRounds "10"]
[EventCountry "BRA"]

1. d4 Nf6 2. Nf3 g6 3. c4 Bg7 4. Nc3 d6 5. Bf4 O-O 6. h3 Nbd7 7. e3 c6 8. Be2
Qe8 9. O-O e5 10. dxe5 dxe5 11. Bh2 h6 12. Qd6 Nh7 13. Rfd1 Qe6 14. Qxe6 fxe6
15. Rd6 Re8 16. Rad1 Ndf8 17. Ne4 Kf7 18. b4 Bf6 19. c5 g5 20. Bg3 Ke7 21. Nfd2
Ng6 22. Bh5 Rg8 23. Nc4 Bh8 24. a4 Nh4 25. R6d2 Nf5 26. Ned6 Nxg3 27. Nxc8+
Rgxc8 28. Rd7+ Kf8 29. fxg3 1-0

[Event "IX Floripa Chess Open Fort Atacadista"]
[Site "Florianópolis - Santa Catari"]
[Date "2023.01.27"]
[Round "8.191"]
[White "Guerra, Frederico Cavalcant"]
[Black "De Oliveira, Gualter Amelio"]
[Result "0-1"]
[WhiteElo "1239"]
[BlackElo "1563"]
[PlyCount "59"]
[EventDate "2023.01.23"]
[EventRounds "10"]
[EventCountry "BRA"]

1. e4 e5 2. Nf3 Qe7 3. Be2 g5 4. d4 exd4 5. Qxd4 f6 6. Nxg5 Nc6 7. Qc3 Qg7 8.
Nf3 Bb4 9. Nh4 d6 10. O-O Bxc3 11. bxc3 Nge7 12. Bb2 Rg8 13. Bc4 Ne5 14. Bxg8
Qxg8 15. Nd2 Be6 16. Rfe1 O-O-O 17. c4 Qg7 18. Re3 Rg8 19. Rg3 Qh6 20. Ndf3
Rxg3 21. hxg3 Nxf3+ 22. Nxf3 Bxc4 23. Nd4 Ng6 24. Bc1 Qh5 25. Be3 Ne5 26. Nf5
Ng4 27. Nh4 Nxe3 28. fxe3 Qe2 29. Nf5 Qxc2 30. Ne7+ 0-1

[Event "IX Floripa Chess Open Fort Atacadista"]
[Site "Florianópolis - Santa Catari"]
[Date "2023.01.27"]
[Round "8.192"]
[White "Toffoli, Vanessa"]
[Black "Americano, Lucca Casarini"]
[Result "1/2-1/2"]
[WhiteElo "1202"]
[BlackElo "1563"]
[PlyCount "73"]
[EventDate "2023.01.23"]
[EventRounds "10"]
[EventCountry "BRA"]

1. e4 c5 2. Nf3 Nc6 3. Bb5 e6 4. d4 cxd4 5. Nxd4 Nxd4 6. Qxd4 a6 7. Bd3 d6 8.
Nc3 Nf6 9. Bg5 Be7 10. f4 O-O 11. O-O-O b5 12. e5 dxe5 13. Qxe5 Qb6 14. Qe2 b4
15. Ne4 Nxe4 16. Bxe7 Nc3 17. Qh5 h6 18. Bxf8 Nxa2+ 19. Kd2 Kxf8 20. Qe5 Bb7
21. Ke2 Bxg2 22. Rhg1 f6 23. Qe3 Qc6 24. Kf2 Bd5 25. Qg3 g5 26. fxg5 fxg5 27.
Rdf1 Kg8 28. h4 Bf3 29. hxg5 h5 30. Qe5 Rf8 31. Ke3 Nc1 32. Kd2 Nxd3 33. cxd3
b3 34. Qc3 Qd5 35. Qc4 Qa5+ 36. Qc3 Qf5 37. Qxb3 1/2-1/2

[Event "IX Floripa Chess Open Fort Atacadista"]
[Site "Florianópolis - Santa Catari"]
[Date "2023.01.27"]
[Round "8.194"]
[White "Belina, Jose Carlos Fernand"]
[Black "Chagas, Gefster"]
[Result "1-0"]
[WhiteElo "1546"]
[BlackElo "1752"]
[PlyCount "89"]
[EventDate "2023.01.23"]
[EventRounds "10"]
[EventCountry "BRA"]

1. e4 e5 2. Nf3 d6 3. d4 exd4 4. Nxd4 g6 5. Be3 Bg7 6. Nc3 Ne7 7. Qd2 O-O 8. h4
f5 9. Bc4+ Kh8 10. h5 fxe4 11. Bh6 e3 12. Qxe3 Nf5 13. Bxg7+ Kxg7 14. Nxf5+
Bxf5 15. O-O-O Nc6 16. hxg6 Bxg6 17. Qh6+ Kh8 18. Bd3 Qf6 19. Bxg6 Qf4+ 20.
Qxf4 Rxf4 21. Rxh7+ Kg8 22. f3 Ne5 23. Rxc7 Nxg6 24. Rxb7 Rf6 25. Rd7 Re8 26.
R7xd6 Rxd6 27. Rxd6 Ne5 28. Ne4 Re7 29. b3 Rg7 30. Rd2 Kf7 31. c4 Ke6 32. Kc2
Kf5 33. c5 Nc6 34. Kc3 a5 35. a3 Kf4 36. b4 axb4+ 37. axb4 Ra7 38. Rb2 Ra3+ 39.
Rb3 Ra2 40. b5 Ne5 41. c6 Rxg2 42. c7 Rg8 43. Nd6 Nxf3 44. c8=Q Rxc8+ 45. Nxc8
1-0

[Event "IX Floripa Chess Open Fort Atacadista"]
[Site "Florianópolis - Santa Catari"]
[Date "2023.01.27"]
[Round "8.195"]
[White "Altenhofen, Guilherme Graneto"]
[Black "Paula Pinto, Mateus Arsenio"]
[Result "1/2-1/2"]
[WhiteElo "1146"]
[BlackElo "1538"]
[PlyCount "53"]
[EventDate "2023.01.23"]
[EventRounds "10"]
[EventCountry "BRA"]

1. e4 e5 2. Nf3 Nc6 3. Bc4 Bc5 4. Nc3 Nf6 5. d3 h6 6. Be3 Bxe3 7. fxe3 d6 8. h3
Ne7 9. Qd2 c6 10. d4 Qa5 11. O-O O-O 12. Rad1 Ng6 13. Nd5 Qd8 14. Nxf6+ Qxf6
15. Rde1 Qe7 16. Rd1 Be6 17. Bb3 Bxb3 18. axb3 Rad8 19. Qc3 Rfe8 20. Rfe1 Nh4
21. Nxh4 Qxh4 22. Qa5 a6 23. Qc7 Qe7 24. Qxe7 Rxe7 25. Rd2 f6 (25... exd4 26.
exd4 Rde8 27. Rde2 f6 28. Kf2 c5 29. dxc5 dxc5 30. Kf3 Kf7 31. g4 Re5 32. Rd1
R8e7 33. Rd6 R7e6 34. Rd7+ Re7 35. Rd6 R7e6 36. Rd7+ Re7 37. Rd6 R7e6) 26. Kf2
c5 27. dxc5 1/2-1/2

[Event "IX Floripa Chess Open Fort Atacadista"]
[Site "Florianópolis - Santa Catari"]
[Date "2023.01.27"]
[Round "8.196"]
[White "Souza, Vitor Gabriel Batis"]
[Black "Liebl, Livia"]
[Result "1/2-1/2"]
[WhiteElo "1800"]
[BlackElo "1529"]
[PlyCount "96"]
[EventDate "2023.01.23"]
[EventRounds "10"]
[EventCountry "BRA"]

1. c4 c6 2. Nf3 d5 3. g3 e6 4. b3 f5 5. Bb2 Nf6 6. e3 Bd6 7. d4 O-O 8. Bd3 Ne4
9. Nbd2 Nd7 10. Qe2 Qf6 11. h4 e5 12. Ng5 Nxd2 13. Qxd2 h6 14. Nh3 exd4 15.
Bxd4 Be5 16. Qc3 Bxd4 17. Qxd4 Ne5 18. Be2 dxc4 19. f4 Nd3+ 20. Bxd3 cxd3 21.
Qxf6 Rxf6 22. Rd1 b6 23. Rxd3 Ba6 24. Rd7 Rf7 25. Rd6 Re7 26. Kf2 Kf7 27. Rhd1
c5 28. R1d5 g6 29. h5 gxh5 30. Rxh6 Rae8 31. Rxf5+ Kg7 32. Rhxh5 Rxe3 33. Re5
Re2+ 34. Kg1 Re1+ 35. Kg2 Re2+ 36. Kh1 R8xe5 37. Rxe5 Bb7+ 38. Kg1 Rg2+ 39. Kf1
Kf6 40. Nf2 Rxg3 41. Ne4+ Bxe4 42. Rxe4 Rc3 43. Kf2 Rc2+ 44. Re2 Rxe2+ 45. Kxe2
Kf5 46. Kf3 a6 47. a4 b5 48. a5 c4 1/2-1/2